000 00423nam a2200169Ia 4500
008 100130t2011 xxu||||| |||| 00| 0 sin d
041 _asin
080 _aX8S31
_bRAT
100 _aRatnayake, Wanitha
245 _aස්වයංවාරණ
246 _aSwayanwarana
260 _bFastPublishing
_aColombo
_c2011
300 _a299p., 21 cm
942 _cBK
999 _c73783
_d73783
003 LK-CoDNM
040 _aLK-CoDNM
_dLK-CoDNM
_eLK-CoDNM